00325nam a2200121Ia 4500008004100000082001700041100002200058245002400080260004400104365000700148630002400155730002400179100415s9999 xx 000 0 und d b10101a581.5 aHanson Herbert C aThe Plant Community aNEW YORKc1965bREINHOLD PUBLISHING CO. b13 aThe Plant Community aThe Plant Community